Sách học tiếng Pháp; T1

Guardat en:
Dades bibliogràfiques
Autor principal: Phạm Văn Bảng
Format: Llibre
Idioma:Undetermined
Publicat: Hà Nội ĐH và THCN 1974
Matèries:
Etiquetes: Afegir etiqueta
Sense etiquetes, Sigues el primer a etiquetar aquest registre!
Thư viện lưu trữ: Trung tâm Học liệu Trường Đại học Cần Thơ
LEADER 00502nam a2200169Ia 4500
001 CTU_533
008 210402s9999 xx 000 0 und d
082 |a 448 
082 |b B106/T1 
100 |a Phạm Văn Bảng 
245 0 |a Sách học tiếng Pháp; T1 
245 0 |c Phạm Văn Bảng, Phạm văn Bỉnh 
260 |a Hà Nội 
260 |b ĐH và THCN 
260 |c 1974 
650 |a french language - study and teaching 
980 |a Trung tâm Học liệu Trường Đại học Cần Thơ